000 00322nam a2200109Ia 4500
008 180205s9999 xx 000 0 und d
020 _a9810699328
100 _aMano, Morris M.
245 _cKime, Charles R.
_aLogic computer design fundamentals /
260 _aSingapore
_bPearson education
_c2006
300 _aiii, 656 pages
999 _c354865
_d354865